00205 a2200109 4500250001700000245001600017100002200033260000900055300001300064035000900077035000900086 a3ème éd. aAcupuncture aBorsarello, J.-F. c1986 aX-166 P. a2449 a3974